| 000 | 00829cam a2200157 4500500 | ||
|---|---|---|---|
| 005 | 20260111090308.0 | ||
| 041 | _afre | ||
| 042 | _adc | ||
| 100 | 1 | 0 |
_aVallin, Pierre _eauthor |
| 245 | 0 | 0 | _aL’Action Française, les catholiques et la revue « Etudes » |
| 260 | _c2002. | ||
| 500 | _a59 | ||
| 520 | _aRésuméL’incertitude quant aux frontières de la folie et de la normalité a quelque chose de propre à l’Espagne. Il suffit d’évoquer le visage des bouffons de Vélasquez, ces nains si sages, au regard infiniment plus intelligent que celui des rois dont ils étaient les fous, ou encore Les Caprices de Goya, dessins emplis de nuit... | ||
| 786 | 0 | _nÉtudes | 396 | 2 | 2002-02-01 | p. 263a-273a | 0014-1941 | |
| 856 | 4 | 1 | _uhttps://shs.cairn.info/revue-etudes-2002-2-page-263a?lang=fr&redirect-ssocas=7080 |
| 999 |
_c1618753 _d1618753 |
||